Entry Nombre personal
001 - NÚMERO DE CONTROL
- campo de control: 240172
003 - IDENTIFICADOR DE NÚMERO DE CONTROL
- campo de control: SpMaBN
005 - FECHA Y HORA DE LA ÚLTIMA TRANSACCIÓN
- campo de control: 20250430201232.0
008 - ELEMENTOS DE DATO DE LONGITUD-FIJA
- campo de control de longitud fija: 901120n| aijnnaabn a aaa
016 ## - NÚMERO DE CONTROL DE UNA AGENCIA BIBLIOGRÁFICA NACIONAL
- Número de control del registro: BNE19900056360
024 7# - IDENTIFICADOR DE OTROS ESTÁNDARES
- Número estándar o código: http://viaf.org/viaf/115119571/
- Fuente: viaf
024 7# - IDENTIFICADOR DE OTROS ESTÁNDARES
- Número estándar o código: https://isni.org/isni/000000009582140X
- Fuente: isni
024 7# - IDENTIFICADOR DE OTROS ESTÁNDARES
- Número estándar o código: http://www.wikidata.org/entity/Q93372788
- Fuente: wikidata
040 ## - FUENTE DE CATALOGACIÓN
- Centro catalogador/agencia de origen: SpMaBN
- Lengua de catalogación: spa
- Centro/agencia transcriptor: SpMaBN
- Normas de descripción: rdc
- Convención/Normas de encabezamiento de materia/tesauro: embne
046 ## - FECHAS CON CODIFICACIÓN ESPECIAL
- Fecha de nacimiento: 1942
100 1# - ENCABEZAMIENTO-NOMBRE DE PERSONA
- Nombre de persona: Fernández Gutiérrez, José María,
- Fechas asociadas al nombre: 1942-
370 ## - LUGAR ASOCIADO
- Lugar de nacimiento: España, Castilla y León, León (Provincia), Los Barrios de Luna, Miñera de Luna
372 ## - CAMPO DE ACTIVIDAD
- Campo de actividad: Literatura Española
- Fuente de información: (Dialnet)
374 ## - OCUPACIÓN
- Ocupación: Profesores
375 ## - GÉNERO/SEXO
- Género: Masculino
377 ## - IDIOMA ASOCIADO
- Código del idioma: spa
- Término de lengua/lenguaje: Español
400 1# - TRAZADO DE VÉASE--NOMBRE DE PERSONA
- Nombre de persona: Fernández, José María
- Fechas asociadas al nombre: 1942-
670 ## - FUENTE DE DATOS ENCONTRADOS
- Cita de la fuente: Miguel de Unamuno y los niños, 1991
- Información encontrada: p. 8 (José María Fernández Gutiérrez; n. 1942)
670 ## - FUENTE DE DATOS ENCONTRADOS
- Cita de la fuente: En Cataluña se apagaron las farolas, se encendieron los grillos del odio, 2019
- Información encontrada: portada (José María Fernández Gutiérrez), página 8 (profesor de literatura española en la Universidad Rovira i Virgili), página 12 (nacido en Miñera de Luna, León)
856 4# - LOCALIZACIÓN Y ACCESO ELECTRÓNICOS
- Identificador Uniforme de Recursos: https://dialnet.unirioja.es/servlet/autor?codigo=139856
